000 00926nas a2200313 4500
001 BR0104529
003 BR-BrBNA
005 20231205102551.0
007 ta
008 230509b bl.|||p| |||| 00| 00por d
040 _aBR-BrBNA
_bpor
_cBiblioteca Nacional de Agricultura
041 _a(Pt)
072 _aL50
100 1 _aSantana, M.I.S.
100 1 _aSilva, F.O.C. e
100 1 _aDrumond, S.S.
100 1 _aSeverino, R.S.
100 1 _aBombonato, P.P.
245 1 _aVascularizacao arterial do timo em aves (Gallus gallus domesticus - Linnaeus, 1758)da linhagem NPK
650 _aGalinha
650 _aAparelho Circulatorio
650 _aArteria
650 _aIrrigacao Arterial
650 _aVeterinaria
650 _aMinas Gerais
773 0 _tVeterinaria Noticias (Brazil)
_xISSN 0104-3463
_g(2001), v. 7(1) p. 13-19
_wBR0104529
909 _a202311
_bLúcia
_c55
_dLúcia Elande
942 _2AGRIS
_n0
_cANA
999 _c168200
_d168200